| 000 | 01116nam a2200241Ia 4500 | ||
|---|---|---|---|
| 001 | 17040 | ||
| 003 | GE_BSU | ||
| 008 | 181216s||||||||xx |||||||||||||| ||und|| | ||
| 040 | _cGE_BSU | ||
| 080 | _a821.161.1-11 | ||
| 100 | _aნეკრასოვი, ნიკოლოზ ალექსის-ძე | ||
| 245 | _aვინ ცხოვრობს რუსეთში კარგად | ||
| 245 | _bპოემა | ||
| 245 | _cთარგმანი: გრიგოლ ცეცხლაძის, ალიო მირცხულავასი, რაჟდენ გვეტაძის ; ლ. კალანდაძის წინასიტყვაობით და შენიშვნებით | ||
| 260 | _aთბილისი | ||
| 260 | _bსახელგამი | ||
| 260 | _c1950 | ||
| 300 | _a287გვ. : 1 პორტრ. ; 21სმ | ||
| 300 | _eდანართი: შენიშვნები, გვ. 271-83. | ||
| 653 | _aვინ ცხოვრობს რუსეთში კარგად | ||
| 653 | _aპოემა | ||
| 942 | _cBK | ||
| 999 |
_c50102 _d50102 |
||